000 01459nam a2200421 i 4500
001 30403
003 KOSZ 005
005 20220902120134.0
008 970510s1993 pl a f |100 0 pol
015 _aPB 1995/2738
035 _a(OCoLC)830050129
040 _aWA N
_cWA N
_dKOSZ 005/HR
041 0 _apol
_beng
046 _k1993
080 _a631.4
080 _a504.5
080 _a541.4
080 _a(06)
245 0 0 _aBiodegradacja ropopochodnych składników w glebach i w odpadach :
_bmateriały seminarium naukowego, zorg. w dn. 21.10.1993 r. w Płocku /
_cpod red. Jana Siuty ; Instytut Ochrony Środowiska.
260 _aWarszawa :
_bIOŚ,
_c1993
_e(Warsz. :
_f"Awril").
300 _a52, [2] s., [4] s. fot. kolor. :
_b1 pl., rys., wykr. ;
_c24 cm.
380 _aKsiążki.
388 1 _a1901-2000.
388 1 _a1989-2000.
504 _aBibliogr. s. 52-[53].
546 _aStreszcz. ang.
650 4 _aGleba
650 4 _aSubstancje i produkty ropopochodne
658 _aRolnictwo i leśnictwo
658 _aOchrona środowiska
650 4 _aDegradacja środowiska
650 4 _aBiodegradacja
655 4 _aMateriały konferencyjne
710 1 _aPolska.
_bInspekcja Ochrony Środowiska.
_4pbl.
700 1 _aSiuta, Jan
_d(1928-2020)
_eRedakcja
856 _uhttp://koha.tu.koszalin.pl/cgi-bin/koha/opac-detail.pl?biblionumber=30403
_yKatalog online BPK
942 _2UKD
_cKS
999 _c30403
_d30403